STN EN 1235 Tuhé priemyselné hnojivá. Sitová skúška

Bibliographic Details
Format: Book
Language:Undetermined
PhysicalDescription:12 s.
Published: Bratislava Slovenský ústav technickej normalizácie 2001

MARC

LEADER 00000nam a2200000 a 4500
001 vtls001422329
003 SK-MaSNL
005 20260224070812.0
008 160628sm y0 xo 0 und
035 |a SNK000377192 
040 |a SNK  |b slo  |c SNK  |e AACR2 
044 |a xo  |c SK 
245 1 |a STN EN 1235 Tuhé priemyselné hnojivá. Sitová skúška 
260 |a Bratislava  |b Slovenský ústav technickej normalizácie  |c 2001 
300 |a 12 s. 
999 |c 899043  |d 900973 
952 |t P60, <03>, [BOOK], {603}  |a SNK  |b SNK  |y PREZ  |7 0  |p 17A0318159  |o snkSTN EN 1235  |i snkN 2229/2001  |0 0  |1 0  |4 0  |d 2001-10-15  |l 0  |r 2005-01-02 00:00:00  |w 2026-02-24 
952 |t P60, <04>, [BOOK], {604}  |a SNK  |b SNK  |y VYP  |7 0  |p 17A0318160  |o snkSTN EN 1235 D1  |i snkN 2230/2001  |0 0  |1 0  |4 0  |d 2001-10-15  |l 0  |r 2005-01-02 00:00:00  |w 2026-02-24 
952 |t P60, <03>, [BOOK], {603}  |a SNK  |b SNK  |y PREZ  |7 0  |p 17A0421582  |o snkSTN EN 1235/A1  |i snkN 1583/2004  |z Zmena A1  |0 0  |1 0  |4 0  |d 2004-04-08  |l 0  |r 2005-01-02 00:00:00  |w 2026-02-24 
952 |t P66, <07>, [BOOK], {667}  |a SNK  |b SNK  |y PREZ  |7 0  |p 17A0421583  |o snkSTN EN 1235/A1 D1  |i snkN 1584/2004  |z Zmena A1  |0 0  |1 0  |4 0  |d 2004-04-08  |l 0  |r 2005-01-02 00:00:00  |w 2026-02-24